000 00482nam a2200157 i 4500
001 44259
003 ES-MaACL
005 20230906161004.0
007 t|
008 030321s1977 sp ||||1| spa d
100 1 _aCiurana Fernández, José María.
_938946
245 1 4 _aLas pruebas racionales de la existencia de Dios /
_cJosé María Ciurana Fernández.
260 _aMadrid :
_bDifusora del Libro,
_c[1977]
300 _a179 p. ;
_c19 cm.
852 _aES-MaACL
_jA-6389
_bR.95732
999 _c44259
_d44259